[Event "GER-chT U16"]
[Site "Magdeburg"]
[Date "2023.12.29"]
[Round "5.9"]
[White "Laucht, Philipp"]
[Black "Schoen, Florian"]
[Result "0-1"]
[WhiteElo "1661"]
[BlackElo "1879"]
[PlyCount "58"]
[EventDate "2023.12.26"]
[EventType "team-swiss"]
[EventRounds "7"]
[EventCountry "GER"]
[SourceTitle "CB03_2024"]
[SourceDate "2024.01.17"]
[SourceVersion "1"]
[SourceVersionDate "2024.01.17"]
[SourceQuality "1"]
[WhiteTeam "Eppendorf"]
[BlackTeam "Leipzig VfB"]
[WhiteTeamCountry "GER"]
[BlackTeamCountry "GER"]

1. e4 e5 2. Nf3 Nc6 3. Bb5 a6 4. Ba4 Nf6 5. d3 Bc5 6. 0-0 b5 7. Bb3 d6 8. c3 h6 9. Re1 0-0 10. Nbd2 Nh5 11. Bd5 Bd7 12. Nxe5 Nxe5 13. d4 c6 14. Bb3 Qh4 15. g3 Qh3 16. dxc5 dxc5 17. Qe2 Rad8 18. Qf1 Qxf1+ 19. Kxf1 Bh3+ 20. Ke2 Nd3 21. Rd1 c4 22. Bc2 f5 23. f3 Nf6 24. Ke3 fxe4 25. Nxe4 Nxe4 26. fxe4 Bg4 27. Rg1 Rf3+ 28. Kd2 Rf2+ 29. Ke3 Re2# 0-1

[Event "GER-chT U16"]
[Site "Darmstadt"]
[Date "2022.12.29"]
[Round "5"]
[White "Schoen, Florian"]
[Black "Morgenthaler, Nick"]
[Result "1-0"]
[WhiteElo "1730"]
[BlackElo "1320"]
[PlyCount "93"]
[EventDate "2022.12.26"]
[EventType "team-swiss"]
[EventRounds "7"]
[EventCountry "GER"]
[SourceTitle "CBM 212 Extra"]
[Source "ChessBase"]
[SourceDate "2023.03.31"]
[SourceVersion "1"]
[SourceVersionDate "2023.03.31"]
[SourceQuality "1"]
[WhiteTeam "Leipzig VfB"]
[BlackTeam "Frankenthal"]
[WhiteTeamCountry "GER"]
[BlackTeamCountry "GER"]

1. e4 e6 2. d4 d5 3. Nc3 Nf6 4. Bg5 dxe4 5. Nxe4 Nbd7 6. Qf3 Be7 7. Bxf6 Nxf6 8. 0-0-0 Nxe4 9. Qxe4 Qd5 10. Qxd5 exd5 11. Re1 f6 12. Bd3 c6 13. f4 b5 14. h3 a5 15. Nf3 Ra7 16. Nh4 g6 17. g4 Kd8 18. Ng2 a4 19. f5 g5 20. h4 a3 21. hxg5 axb2+ 22. Kxb2 Ba3+ 23. Kb1 fxg5 24. Rh6 Rc7 25. Reh1 Bf8 26. R6h5 Rg7 27. Ne1 Be7 28. Rh6 Rf7 29. Rxc6 Bd7 30. Rch6 Be8 31. Nf3 Bf6 32. Ne5 Rff8 33. Rxh7 Rxh7 34. Rxh7 Rh8 35. Rxh8 Bxh8 36. Kb2 Bf6 37. Kb3 Kc7 38. Be2 Kb6 39. Bf3 Bc6 40. c3 Be7 41. Nd3 Kc7 42. Nb4 Kd6 43. Nc2 Kc7 44. Ne3 Kd6 45. Kb4 Kc7+ 46. Ka5 Kb7 47. Bxd5 1-0

[Event "GER-chT Christmas U16 Steinitz"]
[Site "Playchess.com INT"]
[Date "2020.12.28"]
[Round "7.1"]
[White "Quade, Luca"]
[Black "Schoen, Florian"]
[Result "0-1"]
[WhiteElo "1528"]
[BlackElo "1642"]
[PlyCount "82"]
[EventDate "2020.12.28"]
[EventType "team-swiss (blitz)"]
[EventRounds "7"]
[EventCountry "GER"]
[SourceTitle "CBM 200 Extra"]
[Source "ChessBase"]
[SourceDate "2021.03.31"]
[SourceVersion "1"]
[SourceVersionDate "2021.03.31"]
[SourceQuality "1"]
[WhiteTeam "Schwerin"]
[BlackTeam "Leipzig VfB"]
[WhiteTeamCountry "GER"]
[BlackTeamCountry "GER"]

1. e4 e5 2. Nf3 Nc6 3. Bc4 Bc5 4. b4 Bxb4 5. c3 Ba5 6. Qb3 Qe7 7. d3 Bb6 8. Bg5 Nf6 9. 0-0 Na5 10. Qa4 Nxc4 11. Qxc4 d6 12. Na3 Be6 13. Qa4+ Bd7 14. Qc4 0-0 15. Nb5 c6 16. Na3 h6 17. Bh4 Bg4 18. Nd2 g5 19. Bg3 h5 20. h3 Be6 21. Qb4 h4 22. Bh2 g4 23. Kh1 gxh3 24. gxh3 Bxh3 25. Rg1+ Kh7 26. Nf3 Ng4 27. Qb2 Nxf2+ 28. Qxf2 Bxf2 29. Ng5+ Kh6 30. Nxh3 Bxg1 31. Rxg1 Rg8 32. Nc2 Rxg1+ 33. Bxg1 Qf6 34. Be3+ Kh7 35. Ng5+ Kh8 36. d4 Rg8 37. dxe5 dxe5 38. Ne1 Qf1+ 39. Kh2 Qxe1 40. Nxf7+ Kg7 41. Nxe5 Qxe3 0-1

[Event "GER-chT School WK 3"]
[Site "Playchess.com INT"]
[Date "2020.06.15"]
[Round "2.1"]
[White "Schoen, Florian"]
[Black "Hommer, Jeremy"]
[Result "0-1"]
[WhiteElo "1917"]
[BlackElo "1870"]
[PlyCount "78"]
[EventDate "2020.06.15"]
[EventType "team-swiss (blitz)"]
[EventRounds "5"]
[EventCountry "GER"]
[SourceTitle "EXT 2021"]
[Source "ChessBase"]
[SourceDate "2020.10.23"]
[SourceVersion "1"]
[SourceVersionDate "2020.10.23"]
[SourceQuality "1"]
[WhiteTeam "Leipzig Ostwald Gymn"]
[BlackTeam "Lueneburg W Rabe"]
[WhiteTeamCountry "GER"]
[BlackTeamCountry "GER"]

1. e4 c6 2. d4 d5 3. e5 Bf5 4. Bd3 Bxd3 5. Qxd3 e6 6. c3 c5 7. f4 Ne7 8. Nf3 Nec6 9. 0-0 Nd7 10. f5 Be7 11. Bf4 Qb6 12. fxe6 fxe6 13. b3 cxd4 14. cxd4 0-0-0 15. Nc3 a6 16. Na4 Qb5 17. Qxb5 axb5 18. Nc3 Na7 19. Rac1 Kb8 20. Nxd5 exd5 21. e6+ Ka8 22. exd7 Nc6 23. Ne5 Nxe5 24. Bxe5 Rxd7 25. Bxg7 Rg8 26. Rf7 Bg5 27. Rxd7 Bxc1 28. Be5 Rf8 29. h3 Be3+ 30. Kh2 Ka7 31. Rxh7 Rf2 32. Rd7 Rxa2 33. Rxd5 b4 34. Rb5 Bd2 35. Bc7 Ka6 36. Rb6+ Ka7 37. d5 Bf4+ 38. Kh1 Bxc7 39. Rxb4 Ra1# 0-1

[Event "GER-chT School WK 3"]
[Site "Playchess.com INT"]
[Date "2020.06.15"]
[Round "5.1"]
[White "Schoen, Florian"]
[Black "Koppe, Connor"]
[Result "1-0"]
[WhiteElo "1917"]
[BlackElo "1766"]
[PlyCount "53"]
[EventDate "2020.06.15"]
[EventType "team-swiss (blitz)"]
[EventRounds "5"]
[EventCountry "GER"]
[SourceTitle "EXT 2021"]
[Source "ChessBase"]
[SourceDate "2020.10.23"]
[SourceVersion "1"]
[SourceVersionDate "2020.10.23"]
[SourceQuality "1"]
[WhiteTeam "Leipzig Ostwald Gymn"]
[BlackTeam "Naila Hochfranken Gymn"]
[WhiteTeamCountry "GER"]
[BlackTeamCountry "GER"]

1. e4 c5 2. Nc3 Nc6 3. f4 d6 4. Bb5 Nf6 5. Bxc6+ bxc6 6. Nf3 g6 7. d3 Bg7 8. 0-0 0-0 9. Qe1 Bg4 10. h3 Bxf3 11. Rxf3 Qb6 12. Kh1 a5 13. f5 a4 14. Qh4 a3 15. b3 Nxe4 16. dxe4 Bxc3 17. Rxc3 Qb4 18. Re3 Qd4 19. Rb1 Qd1+ 20. Re1 Qxc2 21. Bh6 Rfe8 22. f6 Qc3 23. fxe7 Ra7 24. e5 Raxe7 25. Qf6 Qxe5 26. Rxe5 Re6 27. Qg7# 1-0

[Event "GER Pfingstopen U25"]
[Site "Playchess.com INT"]
[Date "2020.06.02"]
[Round "8"]
[White "Schoen, Florian"]
[Black "Poschadel, Andreas Gregor"]
[Result "0-1"]
[WhiteElo "1619"]
[BlackElo "1818"]
[PlyCount "96"]
[EventDate "2020.06.02"]
[EventType "swiss (blitz)"]
[EventRounds "11"]
[EventCountry "GER"]
[SourceTitle "CBM 197 Extra"]
[Source "ChessBase"]
[SourceDate "2020.09.30"]
[SourceVersion "1"]
[SourceVersionDate "2020.09.30"]
[SourceQuality "1"]

1. e4 c5 2. Nc3 Nc6 3. Bb5 g6 4. Bxc6 dxc6 5. f4 Bg7 6. Nf3 Nf6 7. d3 0-0 8. 0-0 Nd7 9. Qe1 Re8 10. f5 Nf8 11. Qh4 e6 12. fxg6 hxg6 13. Ng5 f6 14. Nf3 Nh7 15. Bh6 Qe7 16. Bxg7 Qxg7 17. e5 f5 18. Ng5 Nxg5 19. Qxg5 b6 20. Rf3 Bd7 21. Rg3 Kf7 22. Rf1 Qxe5 23. Qxg6+ Ke7 24. Qg5+ Kd6 25. Re3 Qd4 26. Qg3+ e5 27. Ne2 Qd5 28. c4 Qe6 29. Nf4 Qf6 30. Ng6 f4 31. Qh4 Qxh4 32. Nxh4 fxe3 33. Rf6+ Re6 34. Nf5+ Kc7 35. Rf7 Rae8 36. Nxe3 R6e7 37. Rf6 e4 38. dxe4 Rxe4 39. Nc2 Re2 40. Na3 Re1+ 41. Kf2 R8e2+ 42. Kg3 Re3+ 43. Kf2 R1e2+ 44. Kf1 Re6 45. Rxe6 Rxe6 46. Kf2 Rf6+ 47. Kg3 Rg6+ 48. Kf2 Bf5 0-1

[Event "GER Cup Net V3 U2000"]
[Site "Playchess.com INT"]
[Date "2020.05.27"]
[Round "2"]
[White "Schoen, Florian"]
[Black "Moewisch, Dave"]
[Result "1-0"]
[WhiteElo "1647"]
[BlackElo "1773"]
[PlyCount "53"]
[EventDate "2020.05.27"]
[EventType "swiss (blitz)"]
[EventRounds "9"]
[EventCountry "GER"]
[SourceTitle "EXT 2021"]
[Source "ChessBase"]
[SourceDate "2020.10.23"]
[SourceVersion "1"]
[SourceVersionDate "2020.10.23"]
[SourceQuality "1"]

1. e4 c6 2. d4 d5 3. e5 Bf5 4. Bd3 Bxd3 5. Qxd3 e6 6. f4 h5 7. Nf3 Qb6 8. f5 exf5 9. Qxf5 g6 10. Qd3 Ne7 11. b3 Nf5 12. Ba3 Bxa3 13. Nxa3 Qa5+ 14. b4 Qxb4+ 15. Kf2 0-0 16. Rab1 Qe7 17. h3 Na6 18. g4 Nh4 19. gxh5 Nxf3 20. Qxf3 Qh4+ 21. Ke2 Qxd4 22. hxg6 fxg6 23. Qg3 Kh7 24. Rxb7+ Kh6 25. h4 Qe4+ 26. Kd2 Qxh1 27. Qg5# 1-0

[Event "GER Cup Net V1 U2000"]
[Site "Playchess.com INT"]
[Date "2020.05.19"]
[Round "1"]
[White "Lang, Alexander"]
[Black "Schoen, Florian"]
[Result "0-1"]
[WhiteElo "1829"]
[BlackElo "1635"]
[PlyCount "70"]
[EventDate "2020.05.19"]
[EventType "swiss (blitz)"]
[EventRounds "9"]
[EventCountry "GER"]
[SourceTitle "EXT 2021"]
[Source "ChessBase"]
[SourceDate "2020.10.23"]
[SourceVersion "1"]
[SourceVersionDate "2020.10.23"]
[SourceQuality "1"]

1. d4 d5 2. c4 Nc6 3. Nf3 Nf6 4. Nc3 Bg4 5. e3 e6 6. h3 Bf5 7. Be2 Bb4 8. 0-0 0-0 9. a3 Bd6 10. c5 Be7 11. b4 Be4 12. b5 Nb8 13. Ne5 Nbd7 14. f4 Rc8 15. Bb2 c6 16. a4 Qc7 17. Bd3 Bxd3 18. Qxd3 h6 19. Rf3 Nh7 20. Raf1 Nxe5 21. fxe5 Ng5 22. Rg3 f5 23. h4 Ne4 24. Rh3 Qd8 25. g3 Kh8 26. Ne2 Kg8 27. Nf4 Kf7 28. Qe2 g6 29. h5 g5 30. Ng6 g4 31. Nxe7 Qxe7 32. Rh4 Nxg3 33. Qg2 Nxf1 34. Kxf1 Qxh4 35. Bc3 Qxh5 0-1

[Event "GER Cup Net V1 U2000"]
[Site "Playchess.com INT"]
[Date "2020.05.19"]
[Round "7"]
[White "Schoen, Florian"]
[Black "Schulz, Gerhard1111"]
[Result "1-0"]
[WhiteElo "1635"]
[BlackElo "1421"]
[PlyCount "51"]
[EventDate "2020.05.19"]
[EventType "swiss (blitz)"]
[EventRounds "9"]
[EventCountry "GER"]
[SourceTitle "EXT 2021"]
[Source "ChessBase"]
[SourceDate "2020.10.23"]
[SourceVersion "1"]
[SourceVersionDate "2020.10.23"]
[SourceQuality "1"]

1. e4 e6 2. d4 d5 3. Nc3 dxe4 4. Nxe4 Bd7 5. Bg5 Be7 6. Bxe7 Qxe7 7. c3 Bc6 8. Bd3 Nd7 9. Nf3 Ngf6 10. Nxf6+ Nxf6 11. 0-0 0-0 12. Ne5 Be4 13. Bxe4 Nxe4 14. Qg4 Nf6 15. Qh3 Rfd8 16. f4 c5 17. Rad1 cxd4 18. cxd4 Rd5 19. f5 exf5 20. Qxf5 Rad8 21. Qf4 Qb4 22. Ng4 Nxg4 23. Qxg4 Rxd4 24. h3 Rxd1 25. Qxb4 Rxf1+ 26. Kxf1 1-0